000 00710nam a22002297a 4500
003 UA-OsUOA
001 61072
007 ta
008 20090616b un ||||| |||| 00| 0 ukr d
090 _a339.13(075.8)
_bИ74
942 _cBK
040 _aUA-OsUOA
_bukr
_cUA-OsUOA
_dUA-OsUOA
245 _aІнфраструктура товарного ринку.Продовольчі товари
_bПідручник
_cЗа ред. О.О.Шубіна
300 _a564 с.
955 _a2
041 _aukr
080 _a339.13(075.8)
020 _a978-966-346-500-5
260 _aК.
_bЗнання
_c2009
650 7 _a339.1 Загальні питання торгівлі. Ринок
_2UDC
999 _c347554
_d347554